[Event "POL-ch Rapid U18 Girls"]
[Site "Bydgoszcz"]
[Date "2023.08.29"]
[Round "2"]
[White "Izafatava, Kira"]
[Black "Narwojsz, Helena"]
[Result "1-0"]
[WhiteElo "1452"]
[BlackElo "1183"]
[PlyCount "50"]
[EventDate "2023.08.28"]
[EventType "swiss"]
[EventRounds "11"]
[EventCountry "POL"]
[SourceTitle "EXT 2024"]
[Source "ChessBase"]
[SourceDate "2023.10.10"]
[SourceVersion "1"]
[SourceVersionDate "2023.10.10"]
[SourceQuality "1"]

1. e4 e6 2. d4 d5 3. Nd2 c5 4. exd5 exd5 5. Ngf3 Nc6 6. Bb5 Bd7 7. 0-0 cxd4 8. Re1+ Be7 9. Bxc6 bxc6 10. Nxd4 Nf6 11. N2f3 0-0 12. Ne5 Rc8 13. Bg5 c5 14. Nxd7 Qxd7 15. Nf3 h6 16. Bh4 Bd6 17. Ne5 Bxe5 18. Rxe5 d4 19. Bxf6 gxf6 20. Rh5 Kg7 21. Qf3 Rg8 22. Qf4 Rh8 23. Rd1 Qe6 24. h3 Rcg8 25. Rd3 f5 1-0